000 00349nam a2200121Ia 4500
008 190216s9999||||xx |||||||||||||| ||und||
100 _aEdward Thompson & Garratt G T
245 0 _aRise And Fulfilment Of British Rule In India
260 _bCentral Book Depot
_c1966
300 _a960p
650 _aIndian History-Portugese History
942 _cBK
999 _c19847
_d19847